Logo BPK

Biblioteka

Politechniki Koszalińskiej

Finite element methods in stress analysis / (Rekord nr 26278)

Szczegóły MARC
000 -ETYKIETA REKORDU
podpole kontrolne o stałej długości 00495nam a2200181 i 4500
001 - NUMER KONTROLNY REKORDU
pole kontrolne bg
040 ## - ŹRÓDŁO KATALOGOWANIA
Instytucja, która utworzyła rekord BPK
041 ## - KOD JĘZYKA
Kod języka tekstu pol
080 ## - UNIWERSALNA KLASYFIKACJA DZIESIĘTNA - UKD
UKD 624:539.3/.6:519.6
008 - POLE O STAŁEJ DŁUGOŚCI - DANE KONTROLNE
podpole kontrolne o stałej długości s pl f |000 0 pol
245 #0 - TYTUŁ/ODPOWIEDZIALNOŚĆ
Tytuł Finite element methods in stress analysis /
Pozostałe elementy strefy tytułu i oznaczenia odpowiedzialności ed. by Ivar Holand, Kolbein Bell.
260 ## - STREFA ADRESU WYDAWNICZEGO
Miejsce wydania Trondheim :
Nazwa wydawcy/dystrybutora Fapir Forlag,
Data publikacji, dystrybucji/powstania dokumentu 1972.
300 ## - STREFA OPISU FIZYCZNEGO
Objętość [16], 499 s. :
Inne cechy fizyczne rys.
504 ## - UWAGA DOTYCZĄCA BIBLIOGRAFII
Informacje o bibliografii [Zawiera bibliogr.].
700 1# - HASŁO DODATKOWE - NAZWA OSOBOWA
Nazwa osobowa HOLAND, Ivar
700 1# - HASŁO DODATKOWE - NAZWA OSOBOWA
Nazwa osobowa KOLBEIN, Bell
856 ## - LOKALIZACJA I DOSTĘP DO ELEKTRONICZNYCH DOKUMENTÓW ZDALNYCH
Link (URL) http://koha.tu.koszalin.pl/cgi-bin/koha/opac-detail.pl?biblionumber=26278
Tekst linku Katalog online BPK
942 ## - DODATKOWE ELEMENTY (KOHA)
Typ dokumentu Książka
Egzemplarze
Wycofany Status egzemplarza Uszkodzony Dostępność Lokalizacja stała Lokalizacja bieżąca Miejsce przechowywania Sygnatura Kod kreskowy Typ dokumentu
      Dostępny Biblioteka Politechniki Koszalińskiej Biblioteka Politechniki Koszalińskiej Wypożyczalnia BG 17504 01926354 Książka
© 2023 Biblioteka Politechniki Koszalińskiej :: KOHA